000 00372nam a22001337a 4500
082 _a500
_bREL/S
100 _aRELIABLE
245 _aRELIABLE QUESTION BANK (SOLVED) SCIENCE
_bCLASS IX
260 _aDELHI
_bRELIABLE ENTERPRISES
300 _a280
520 _aSA-II, CCE PATTERN, BASED ON CBSE QUESTION PAPER
650 _aSCIENCE QUESTION BANK CLASS IX
_zINDIA
942 _cBK
999 _c921
_d921